00823nam a2200229 i 450000100060000000300090000600500170001500700030003200800410003502000180007610000320009424500850012626000390021130000290025049000470027950000120032670000300033883000550036885200320042399900170045595201210047277301ES-MaACL20230906173143.0t|041007s1975 xxu ||||1| eng d a0-07-025763-91 aHamilton, Douglas J.96165810aBasic integrated circuit engineering / cDouglas J. Hamilton, William G. Howard. aNew York : bMcGraw-Hill, c[1975] aXVIII, 587 p. ; c24 cm.1 aMotorola series in solid-state electronies aIndice.1 aHoward, William G.9643890 aMotorola series in solid-state electronies9231341 aES-MaACLjL-2427 bR.111025 c77301d77301 00104070aATENEOMbATENEOMcDEPO2d2008-01-17eSCl0oL-2427p1080878r2023-02-23 00:00:00w2023-02-23yMONOGRAFIA